00805 a2200169 45000010006000000050017000060080041000230030015000640400040000790800032001192450089001512640075002403000019003155050261003340410008005951000032006035955920260407155849.0260407a1971 arg spa dAR-UNSa-BCEJYS aAR-UNSa-BCEJYSbspacAR-UNSa-BCEJYS a330(82)xEconomia Argentina10aEl caso argentinopmigración de factores, comercio exterior y desarrollo 1875-1914 1aBuenos Aires :bEUDEBA (Editorial Universitaria de Buenos Aires)c1971 a229 p.c22 cm. a1. Dos puntos de partida - 2. La inversión extranjera y sus efectos sobre la adquisición de capital social básico - 3. Mano de obra, inmigración y colonización - 4. Argentina en los mercados mundiales - 5. Importaciones y desarrollo industrial -  aspa1 aVásquez- Presedo, Vicente